| 000 | 01243cad a22002415a 4500 | ||
|---|---|---|---|
| 001 | E147892 | ||
| 008 | 090316s2009 xxkdo f 000 0 eng d | ||
| 035 | _a(Sirsi) u147892 | ||
| 041 | 0 | _aeng | |
| 050 | 0 | 4 | _a333.33 $2 18 |
| 100 | 1 | _aMartin, Gary | |
| 245 | 0 | 0 |
_a2010 rating revaluation _bcentral London _h[electronic resource] |
| 260 |
_a[London] _bCB Richard Ellis _c2009 |
||
| 490 | 0 | _aCB Richard Ellis Rating Revaluation ViewPoint | |
| 520 | _aLooks at the implications of the rating revaluation, which will take place across England on 1 April 2010, for the central London office and retail markets. Suggests that business rates across the Central London markets will be substantially higher after the revaluation, with the West End, especially Mayfair and St James', expected to see the largest rises. Predicts that the effects on retail property will be more variable than on offices. | ||
| 521 | _aAdvanced | ||
| 590 | _aKA | ||
| 651 | 4 | _aLondon | |
| 690 | _aPROPERTY-COMMERCIAL PROPERTY-COMMERCIAL PROPERTY MARKET | ||
| 690 | _aPROPERTY-COMMERCIAL PROPERTY-COMMERCIAL PROPERTY TAXATION-BUSINESS RATES | ||
| 856 | 4 | 0 |
_uhttps://www.cbre.co.uk/uk_en/research _zView the report free of charge at www.cbre.co.uk... |
| 942 | _n0 | ||
| 999 |
_c109768 _d109768 |
||